[Event "Olimpiade 2014 - Open"]
[Site "Tromsø"]
[Date "03.08.2014"]
[Round "2.37"]
[Board "2"]
[White "Cubas, Jose Fernando"]
[Black "Mastrovasilis, Dimitrios"]
[Result "1-0"]
[WhiteTitle "GM"]
[BlackTitle "GM"]
[WhiteElo "2455"]
[BlackElo "2608"]
[WhiteTeam "Paraguay"]
[BlackTeam "Greece"]
[WhiteFideId "3700267"]
[BlackFideId "4202694"]
[EventDate "2014.08.02"]

1. e4 c5 2. Nf3 e6 3. d4 cxd4 4. Nxd4 Nc6 5. Nc3 a6 6. Nxc6 bxc6 7. Bd3 d5 8.
O-O Nf6 9. Bg5 Be7 10. e5 Nd7 11. Bxe7 Qxe7 12. Re1 Nc5 13. Qg4 O-O 14. Na4 Nxa4
15. Qxa4 c5 16. c4 d4 17. Qc2 g6 18. Re4 Rb8 19. Rae1 Rb6 20. b3 Qg5 21. Qe2 Bb7
22. Rg4 Qh5 23. h3 Qh6 24. Rd1 a5 25. Qe1 Ra8 26. Rb1 Bc6 27. a4 Rab8 28. Qxa5
Qf8 29. Qd2 Bxa4 30. Ra1 Bxb3 31. h4 Rb4 32. h5 Qg7 33. Ra7 R4b7 34. Rxb7 Rxb7
35. Qa5 Qf8 36. Qa6 Re7 37. Rg3 Bd1 38. hxg6 hxg6 39. Qa5 Rb7 40. Qd2 Ba4 41.
Qg5 Be8 42. Rh3 Ra7 43. Be4 Ra1+ 44. Kh2 Ra7 45. Bc6 Bxc6 46. Qf6 Qg7 47. Qd8+
Qf8 48. Rh8+ Kxh8 49. Qxf8+ Kh7 50. Qxc5 Ra6 51. Qxd4 Kg7 52. Kg3 Ra4 53. Qc5
Be8 54. Kf4 Ra2 55. Kg5 Re2 56. g4 Ba4 57. f4 Re4 58. Qb4 Bd1 59. Qc3 Ba4 60.
Qh3 Kf8 61. Qa3+ 1-0

[Event "Olimpiade 2014 - Open"]
[Site "Tromsø"]
[Date "03.08.2014"]
[Round "2.37"]
[Board "3"]
[White "Halkias, Stelios"]
[Black "Vazquez, Guillermo"]
[Result "1-0"]
[WhiteTitle "GM"]
[BlackTitle "FM"]
[WhiteElo "2544"]
[BlackElo "2323"]
[WhiteTeam "Greece"]
[BlackTeam "Paraguay"]
[WhiteFideId "4201809"]
[BlackFideId "3702308"]
[EventDate "2014.08.02"]

1. Nf3 Nf6 2. c4 e6 3. g3 a6 4. b3 b5 5. Nc3 b4 6. Na4 Bb7 7. Bg2 Be7 8. O-O O-O
9. d4 a5 10. a3 Na6 11. axb4 axb4 12. Bb2 Re8 13. e3 c5 14. Ne5 Bxg2 15. Kxg2 d5
16. Qf3 dxc4 17. bxc4 Qc7 18. Nxc5 Bxc5 19. dxc5 Qxc5 20. Rfd1 Nc7 21. Nd7 1-0

[Event "Olimpiade 2014 - Open"]
[Site "Tromsø"]
[Date "03.08.2014"]
[Round "2.37"]
[Board "4"]
[White "Latorre, Matias"]
[Black "Mastrovasilis, Athanasios"]
[Result "1/2-1/2"]
[WhiteTitle "FM"]
[BlackTitle "GM"]
[WhiteElo "2277"]
[BlackElo "2526"]
[WhiteTeam "Paraguay"]
[BlackTeam "Greece"]
[WhiteFideId "3701107"]
[BlackFideId "4201990"]
[EventDate "2014.08.02"]

1. c4 e6 2. g3 Nf6 3. Bg2 d5 4. Nf3 Be7 5. O-O O-O 6. d4 c5 7. cxd5 exd5 8. Nc3
Nc6 9. dxc5 Bxc5 10. a3 Ne4 11. Qxd5 Nxc3 12. Qxc5 Nxe2+ 13. Kh1 Nxc1 14. Raxc1
Qf6 15. b4 Bg4 16. Qc3 Qxc3 17. Rxc3 Rfd8 18. Rfc1 h6 19. b5 Na5 20. Ne5 Be6 21.
Rc7 Rd2 22. Kg1 Rad8 23. Bf3 Ra2 24. Re7 Nb3 25. Re1 Nd4 26. Bxb7 Kf8 27. Rc7
Nxb5 28. Rc5 Nd6 29. Bd5 Rxa3 30. Bxe6 fxe6 31. Rc7 Nb5 32. Rb7 Nd4 33. Re4 Nf3+
34. Nxf3 Rxf3 35. Ra4 Rf7 36. Raxa7 Rxb7 37. Rxb7 Rd3 38. Kg2 Rc3 39. g4 h5 40.
gxh5 Rc5 41. h6 gxh6 42. Rh7 Rg5+ 43. Kf3 Rf5+ 44. Kg3 Rg5+ 45. Kf3 Rf5+ 46. Kg3 1/2-1/2

[Event "Olimpiade 2014 - Open"]
[Site "Tromsø"]
[Date "03.08.2014"]
[Round "2.38"]
[Board "1"]
[White "Kotsur, Pavel"]
[Black "Grandelius, Nils"]
[Result "1-0"]
[WhiteTitle "GM"]
[BlackTitle "GM"]
[WhiteElo "2559"]
[BlackElo "2571"]
[WhiteTeam "Kazakhstan"]
[BlackTeam "Sweden"]
[WhiteFideId "13700278"]
[BlackFideId "1710400"]
[EventDate "2014.08.02"]

1. e4 e5 2. Nf3 Nc6 3. Bc4 Bc5 4. c3 Nf6 5. d3 O-O 6. Nbd2 a6 7. Bb3 Ba7 8. h3
d5 9. O-O dxe4 10. Nxe4 Nxe4 11. dxe4 Qf6 12. Qe2 h6 13. Be3 Bxe3 14. Qxe3 Be6
15. Rfd1 Rad8 16. Bd5 Bxd5 17. Rxd5 Rxd5 18. exd5 Ne7 19. Qxe5 Qxe5 20. Nxe5
Nxd5 21. Rd1 Nf6 22. Nd7 Nxd7 23. Rxd7 Rc8 24. f4 Kf8 25. Kf2 Ke8 26. Rd4 Ke7
27. Ke3 Ke6 28. c4 b6 29. Rd5 g6 30. g4 f5 31. a4 c6 32. Re5+ Kf6 33. a5 Rb8 34.
axb6 Rxb6 35. Rc5 fxg4 36. hxg4 Ke6 37. Kd4 Kd6 38. Rd5+ Kc7 39. Re5 Rxb2 40.
Re7+ Kd6 41. Rg7 c5+ 42. Ke4 g5 43. Rg6+ Ke7 44. fxg5 hxg5 45. Kd5 Rg2 46. Rxg5
a5 47. Kxc5 Kf6 48. Rf5+ Ke6 49. Rf4 Ke5 50. Rf1 Rxg4 51. Re1+ Kf6 52. Kb5 a4
53. Re3 Rg8 54. c5 Ra8 55. c6 a3 56. c7 a2 57. Re1 a1=Q 58. Rxa1 Rxa1 59. c8=Q
Rb1+ 60. Ka4 Re1 61. Qf8+ Kg6 62. Kb4 Re6 63. Kc4 Rf6 64. Qg8+ Kh6 65. Kd5 Kh5
66. Ke5 Rf1 67. Qg3 Rf8 68. Ke6 Kh6 69. Qg4 Kh7 70. Ke7 Rg8 71. Qh5+ Kg7 72. Ke6
Rf8 73. Qe5+ Kg6 74. Qg3+ Kh6 75. Ke7 Rf5 76. Ke6 Rf8 77. Qg4 Kh7 78. Qg5 Rg8
79. Qh5+ Kg7 80. Ke7 Rh8 81. Qg5+ Kh7 82. Kf7 1-0

[Event "Olimpiade 2014 - Open"]
[Site "Tromsø"]
[Date "03.08.2014"]
[Round "2.38"]
[Board "2"]
[White "Agrest, Evgenij"]
[Black "Kostenko, Petr"]
[Result "0-1"]
[WhiteTitle "GM"]
[BlackTitle "GM"]
[WhiteElo "2595"]
[BlackElo "2461"]
[WhiteTeam "Sweden"]
[BlackTeam "Kazakhstan"]
[WhiteFideId "1705024"]
[BlackFideId "13700669"]
[EventDate "2014.08.02"]

1. c4 e6 2. Nc3 f5 3. Nf3 Nf6 4. g3 Be7 5. Bg2 O-O 6. O-O c6 7. b3 d5 8. e3 b6
9. Bb2 Bb7 10. Ne2 Bd6 11. Qc2 Na6 12. Rad1 Rc8 13. Qb1 Qe7 14. Be5 Ba3 15. Bb2
Bd6 16. Qa1 Nb4 17. d3 a5 18. Ned4 Nd7 19. a3 Na6 20. cxd5 cxd5 21. Nb5 Bb8 22.
Qa2 Rc5 23. Nc3 Rcc8 24. Rfe1 Ndc5 25. Ba1 Nd7 26. Nd4 Nc7 27. f4 e5 28. fxe5
Nxe5 29. Nde2 Rcd8 30. Nf4 Ng4 31. b4 Qf7 32. h3 Nf6 33. Na4 axb4 34. axb4 g5
35. Ne2 Nb5 36. Nac3 Nxc3 37. Bxc3 Nh5 38. Bd4 Nxg3 39. Bxb6 Qe6 40. Bd4 Nh5 41.
Nc3 Rf7 42. e4 g4 43. exd5 Qd6 44. Be5 Qxb4 45. Qc4 Qb6+ 46. Bd4 Qg6 47. Re6 Qg5
48. Rde1 Rdf8 49. Re8 Bd6 50. hxg4 fxg4 51. Rxf8+ Rxf8 52. Bf2 Bh2+ 53. Kh1 Rxf2
54. d6+ Kf8 55. Ne4 Qh4 56. Qe6 0-1

[Event "Olimpiade 2014 - Open"]
[Site "Tromsø"]
[Date "03.08.2014"]
[Round "2.38"]
[Board "3"]
[White "Khusnutdinov, Rustam"]
[Black "Hillarp Persson, Tiger"]
[Result "1/2-1/2"]
[WhiteTitle "GM"]
[BlackTitle "GM"]
[WhiteElo "2470"]
[BlackElo "2549"]
[WhiteTeam "Kazakhstan"]
[BlackTeam "Sweden"]
[WhiteFideId "13701703"]
[BlackFideId "1700812"]
[EventDate "2014.08.02"]

1. d4 Nf6 2. c4 g6 3. Nc3 Bg7 4. Nf3 d6 5. e4 O-O 6. Be2 c5 7. O-O cxd4 8. Nxd4
Nc6 9. Be3 Bd7 10. Qd2 Nxd4 11. Bxd4 Bc6 12. f3 a5 13. b3 Nd7 14. Be3 Nc5 15.
Rab1 Qb6 16. Nb5 Rfc8 17. Rfc1 Qd8 18. Bf1 h5 19. Nd4 Bd7 20. Rc2 Kh7 21. a3 Qh8
22. b4 axb4 23. axb4 Ra3 24. Bf2 Bh6 25. Qd1 Ne6 26. Nxe6 Bxe6 27. Qd4 Qxd4 28.
Bxd4 Bg7 29. Bxg7 Kxg7 30. c5 dxc5 31. bxc5 Rc7 32. h4 Ra5 33. Kf2 Raxc5 34.
Rxc5 Rxc5 35. Rxb7 Kf8 36. Rb8+ Rc8 37. Rxc8+ Bxc8 38. f4 f6 39. e5 Kg7 40. Ke3
Kh6 41. Bd3 fxe5 42. fxe5 g5 43. g3 Bg4 1/2-1/2

[Event "Olimpiade 2014 - Open"]
[Site "Tromsø"]
[Date "03.08.2014"]
[Round "2.38"]
[Board "4"]
[White "Tikkanen, Hans"]
[Black "Aitbayev, Aslan"]
[Result "0-1"]
[WhiteTitle "GM"]
[BlackTitle "IM"]
[WhiteElo "2559"]
[BlackElo "2425"]
[WhiteTeam "Sweden"]
[BlackTeam "Kazakhstan"]
[WhiteFideId "1706446"]
[BlackFideId "13704613"]
[EventDate "2014.08.02"]

1. c4 c6 2. d4 d5 3. Nf3 Nf6 4. Nc3 e6 5. e3 Nbd7 6. Qc2 Bd6 7. b3 O-O 8. Bb2 b6
9. Bd3 Bb7 10. O-O Qc7 11. e4 dxe4 12. Nxe4 Nxe4 13. Bxe4 h6 14. Rfd1 Rad8 15.
c5 Be7 16. b4 Nf6 17. Bd3 Nd5 18. a3 b5 19. Bc3 Bf6 20. Re1 a5 21. bxa5 Nxc3 22.
Qxc3 Ra8 23. Bc2 Rxa5 24. Ne5 Rd8 25. f4 Raa8 26. Re3 Qa5 27. Qd3 Kf8 28. f5
exf5 29. Qxf5 Qd2 30. Rae1 Qxd4 31. Qh7 Bxe5 32. Qh8+ Ke7 33. Qxg7 Rxa3 34.
Qxe5+ Qxe5 35. Rxe5+ Kf8 36. Re7 Bc8 37. Rc7 Rc3 38. Rf1 Be6 39. Bf5 Bc4 40. Rf3
Rd1+ 41. Kf2 Rf1+ 42. Kg3 Rfxf3+ 43. gxf3 Bd5 44. Kf4 Rxc5 45. Ke5 Be6+ 46. Kf6
Rxf5# 0-1

[Event "Olimpiade 2014 - Open"]
[Site "Tromsø"]
[Date "03.08.2014"]
[Round "2.39"]
[Board "2"]
[White "Flores Rios, Mauricio"]
[Black "Abdulla, Al-Rakib"]
[Result "1/2-1/2"]
[WhiteTitle "GM"]
[BlackTitle "GM"]
[WhiteElo "2537"]
[BlackElo "2522"]
[WhiteTeam "Chile"]
[BlackTeam "Bangladesh"]
[WhiteFideId "3408027"]
[BlackFideId "10200444"]
[EventDate "2014.08.02"]

1. d4 Nf6 2. c4 e6 3. g3 d5 4. Nf3 Bb4+ 5. Bd2 Be7 6. Bg2 c6 7. b3 b6 8. O-O Ba6
9. Qc2 O-O 10. Rd1 Nbd7 11. a4 c5 12. Na3 Bb7 13. Qb2 Ne4 14. Be1 Bf6 15. e3 Rc8
16. Rac1 dxc4 17. bxc4 Qc7 18. Nb5 Qb8 19. Qb1 Qa8 20. d5 exd5 21. cxd5 Bxd5 22.
Rxd5 Qxd5 23. Nh4 Rfe8 24. Rd1 Qe6 25. Bxe4 Qxe4 26. Qxe4 Rxe4 27. Nd6 Rxh4 28.
Nxc8 Rxa4 29. Rxd7 c4 30. Kg2 h6 31. Ne7+ Bxe7 32. Rxe7 b5 33. Rb7 a6 34. Kf3
Ra1 35. Bc3 Ra3 36. Bd4 Rb3 37. Ra7 Ra3 38. Ke4 b4 39. f4 c3 40. Rc7 a5 41. Rc4
Ra2 42. h4 Rg2 43. Kf3 Rd2 44. Bxc3 Rc2 45. Rc5 bxc3 46. Rxa5 Rh2 47. Rc5 c2 48.
h5 f5 49. e4 fxe4+ 50. Kxe4 Rxh5 51. Rxc2 Ra5 1/2-1/2

[Event "Olimpiade 2014 - Open"]
[Site "Tromsø"]
[Date "03.08.2014"]
[Round "2.39"]
[Board "3"]
[White "Minhazuddin, Ahmed"]
[Black "Henriquez Villagra, Cristobal"]
[Result "1-0"]
[WhiteTitle "IM"]
[BlackTitle "IM"]
[WhiteElo "2418"]
[BlackElo "2457"]
[WhiteTeam "Bangladesh"]
[BlackTeam "Chile"]
[WhiteFideId "10201955"]
[BlackFideId "3409350"]
[EventDate "2014.08.02"]

1. e4 c5 2. Nf3 d6 3. Bb5+ Nd7 4. c3 Nf6 5. Qe2 a6 6. Ba4 e5 7. d3 Be7 8. Nbd2
O-O 9. Nf1 b5 10. Bb3 Bb7 11. Ng3 d5 12. Bc2 Re8 13. O-O Bf8 14. Nf5 Qc7 15.
N3h4 dxe4 16. dxe4 Qc6 17. Re1 c4 18. Qf3 Nc5 19. Qg3 Kh8 20. Nf3 Nfxe4 21. Rxe4
Nxe4 22. Qh4 g6 23. Bxe4 Red8 24. Be3 1-0

[Event "Olimpiade 2014 - Open"]
[Site "Tromsø"]
[Date "03.08.2014"]
[Round "2.39"]
[Board "4"]
[White "Valenzuela Fuentealba, Luis"]
[Black "Murshed, Niaz"]
[Result "1/2-1/2"]
[WhiteTitle "IM"]
[BlackTitle "GM"]
[WhiteElo "2455"]
[BlackElo "2453"]
[WhiteTeam "Chile"]
[BlackTeam "Bangladesh"]
[WhiteFideId "3401294"]
[BlackFideId "10200010"]
[EventDate "2014.08.02"]

1. d4 d5 2. Nf3 Nf6 3. c4 e6 4. Nc3 Bb4 5. e3 c5 6. Bd3 Nc6 7. O-O O-O 8. a3
Bxc3 9. bxc3 dxc4 10. Bxc4 Qc7 11. Qe2 e5 12. h3 Bf5 13. Bb2 a6 14. a4 Rfe8 15.
Rfc1 Rad8 16. Qf1 h6 17. Ba2 Be6 18. Bxe6 Rxe6 19. Ba3 e4 20. Nd2 cxd4 21. cxd4
Nd5 22. Rab1 f5 23. Nb3 Rg6 24. Nc5 b6 25. Nxa6 Qd7 26. Nb4 Ncxb4 27. Bxb4 f4
28. Bd2 f3 29. g3 Qxa4 30. Qb5 Qxb5 31. Rxb5 Rgd6 32. Rb2 Ra8 33. Kf1 Kf7 34.
Ke1 Rdd8 35. Kd1 Rdc8 36. Rxc8 Rxc8 37. Ra2 Ke6 38. Ra7 Rc7 39. Ra8 Kd7 40. Rg8
Ke6 41. Ra8 Kd7 42. Rg8 1/2-1/2

[Event "Olimpiade 2014 - Open"]
[Site "Tromsø"]
[Date "03.08.2014"]
[Round "2.40"]
[Board "1"]
[White "Pelletier, Yannick"]
[Black "Gonzalez Acosta, Bernal"]
[Result "1/2-1/2"]
[WhiteTitle "GM"]
[BlackTitle "IM"]
[WhiteElo "2578"]
[BlackElo "2469"]
[WhiteTeam "Switzerland"]
[BlackTeam "Costa Rica"]
[WhiteFideId "1301837"]
[BlackFideId "6500170"]
[EventDate "2014.08.02"]

1. d4 d5 2. c4 c6 3. Nf3 Nf6 4. cxd5 cxd5 5. Nc3 Nc6 6. Bf4 a6 7. Rc1 Ne4 8. e3
Nxc3 9. bxc3 Bf5 10. Bd3 Bxd3 11. Qxd3 e6 12. O-O Be7 13. c4 dxc4 14. Rxc4 O-O
15. Rfc1 Qd7 16. Qb1 Rfc8 17. h3 b5 18. R4c3 Nb4 19. Rc7 Qe8 20. e4 Rxc7 21.
Rxc7 Rc8 22. Ra7 Qd8 23. a3 Nc6 24. Rxa6 Nxd4 25. Nxd4 Qxd4 26. Qxb5 Qxe4 27.
Be3 Bf6 28. Qa4 Qb1+ 29. Kh2 Qb8+ 30. g3 h5 31. Rb6 Qc7 32. h4 Rd8 33. Qe4 Qc3
34. Ra6 Qd3 35. Qxd3 Rxd3 36. Ra8+ Kh7 37. a4 Bd4 38. Rd8 e5 39. Kg2 f6 40. Kf1
Ra3 41. Bxd4 exd4 42. Rxd4 g5 43. Kg2 Kg6 44. hxg5 fxg5 45. Rd6+ Kf5 46. Rd5+
Kf6 47. Ra5 g4 48. Ra8 Ra1 49. a5 Kg6 50. a6 Kg7 51. f4 Ra2+ 52. Kf1 Ra1+ 53.
Kf2 Ra2+ 54. Ke1 Ra1+ 55. Ke2 Ra2+ 56. Ke3 Ra3+ 57. Ke4 Rxg3 58. Kf5 Ra3 59.
Ra7+ Kf8 60. Kf6 Ke8 61. Re7+ Kf8 62. Ra7 Ke8 63. Re7+ Kf8 64. Rf7+ Ke8 65. Re7+ 1/2-1/2

[Event "Olimpiade 2014 - Open"]
[Site "Tromsø"]
[Date "03.08.2014"]
[Round "2.40"]
[Board "2"]
[White "Minero Pineda, Sergio"]
[Black "Hug, Werner"]
[Result "0-1"]
[WhiteTitle "IM"]
[BlackTitle "IM"]
[WhiteElo "2384"]
[BlackElo "2474"]
[WhiteTeam "Costa Rica"]
[BlackTeam "Switzerland"]
[WhiteFideId "6500374"]
[BlackFideId "1300040"]
[EventDate "2014.08.02"]

1. d4 Nf6 2. c4 g6 3. g3 Bg7 4. Bg2 O-O 5. Nf3 d6 6. O-O c6 7. Nc3 Bf5 8. Ne1
Be6 9. d5 cxd5 10. cxd5 Bd7 11. Be3 Na6 12. Bd4 Qa5 13. h3 Rfc8 14. e4 Bb5 15.
Nd3 Nb4 16. Nxb5 Qxb5 17. Nxb4 Qxb4 18. a3 Qa5 19. Rc1 Rxc1 20. Qxc1 Nd7 21.
Bxg7 Kxg7 22. Qc4 Ne5 23. Qd4 Rc8 24. f4 Rc4 25. Qe3 Nd7 26. Rf2 Qc5 27. Qd2 a5
28. Kh2 h5 29. Re2 Rc1 30. Rf2 a4 31. Bf3 Rc4 32. Kg2 Qd4 33. Qxd4+ Rxd4 34. Rc2
Nc5 35. Kf2 Rd3 36. e5 Rb3 37. Ke2 h4 38. gxh4 Nd3 39. Rc7 Nxf4+ 40. Kf2 Nd3+
41. Kf1 Nxe5 42. Bd1 Rxb2 43. Bxa4 Kf6 44. Bd1 b5 45. Rb7 Nc4 0-1

[Event "Olimpiade 2014 - Open"]
[Site "Tromsø"]
[Date "03.08.2014"]
[Round "2.40"]
[Board "3"]
[White "Georgiadis, Nico"]
[Black "Murillo Tsijli, Alexis"]
[Result "1/2-1/2"]
[WhiteTitle "IM"]
[BlackTitle "IM"]
[WhiteElo "2448"]
[BlackElo "2303"]
[WhiteTeam "Switzerland"]
[BlackTeam "Costa Rica"]
[WhiteFideId "1300113"]
[BlackFideId "6500218"]
[EventDate "2014.08.02"]

1. e4 e6 2. d4 d5 3. Nc3 Nf6 4. Bg5 Bb4 5. exd5 Qxd5 6. Nf3 Ne4 7. Bd2 Bxc3 8.
Bxc3 Nxc3 9. bxc3 Qa5 10. Qd2 Nd7 11. Bd3 c5 12. a4 O-O 13. O-O cxd4 14. cxd4
Qxd2 15. Nxd2 e5 16. dxe5 Nxe5 17. Be4 Rb8 18. Rfe1 Rd8 19. Nb3 Nc4 20. a5 g6
21. h3 h5 22. Rad1 Nd6 23. Bd5 Kf8 24. c4 b6 25. Nd4 Bb7 26. Bxb7 Rxb7 27. Nc6
Rdd7 28. Ne5 Rd8 29. axb6 axb6 30. Rd5 Rc7 31. Rb1 Ke8 32. Rxb6 Nxc4 33. Rxd8+
Kxd8 34. Nxc4 1/2-1/2

[Event "Olimpiade 2014 - Open"]
[Site "Tromsø"]
[Date "03.08.2014"]
[Round "2.40"]
[Board "4"]
[White "Duran Vega, Sergio"]
[Black "Kurmann, Oliver"]
[Result "0-1"]
[WhiteTitle "FM"]
[BlackTitle "IM"]
[WhiteElo "2224"]
[BlackElo "2423"]
[WhiteTeam "Costa Rica"]
[BlackTeam "Switzerland"]
[WhiteFideId "6501311"]
[BlackFideId "1308173"]
[EventDate "2014.08.02"]

1. d4 Nf6 2. c4 c5 3. Nf3 cxd4 4. Nxd4 e6 5. g3 d5 6. Bg2 e5 7. Nc2 d4 8. f4 Nc6
9. fxe5 Nxe5 10. Qxd4 Qxd4 11. Nxd4 Nxc4 12. b3 Bb4+ 13. Kf1 Nd6 14. Ba3 a5 15.
Bxb4 axb4 16. Nd2 h5 17. Nc2 h4 18. Nxb4 Nf5 19. Nc2 Ra5 20. b4 Re5 21. e4 Nd6
22. Re1 h3 23. Bf3 g5 24. Ne3 b5 25. Nd5 Rh6 26. Rg1 g4 27. Bh1 Nxd5 0-1

[Event "Olimpiade 2014 - Open"]
[Site "Tromsø"]
[Date "03.08.2014"]
[Round "2.41"]
[Board "1"]
[White "Djukic, Nikola"]
[Black "Gruenfeld, Yehuda"]
[Result "1/2-1/2"]
[WhiteTitle "GM"]
[BlackTitle "GM"]
[WhiteElo "2521"]
[BlackElo "2448"]
[WhiteTeam "Montenegro"]
[BlackTeam "ICCD"]
[WhiteFideId "922412"]
[BlackFideId "2800020"]
[EventDate "2014.08.02"]

1. e4 c5 2. Nf3 d6 3. d4 cxd4 4. Nxd4 Nf6 5. Nc3 a6 6. Be3 Ng4 7. Bc1 Nf6 8. f3
e5 9. Nb3 Be7 10. Be3 O-O 11. Qd2 Be6 12. O-O-O a5 13. a4 Nc6 14. g4 Nb4 15. Kb1
Rc8 16. g5 Nh5 17. Rg1 f5 18. Bb5 fxe4 19. fxe4 Nf4 20. h4 d5 21. Bxf4 Rxf4 22.
exd5 Bf5 23. Na1 Bd6 24. Rgf1 Qb6 25. Rc1 Rf8 26. Rxf4 exf4 27. Nb3 f3 28. Qd4
Qc7 29. Bc4 f2 30. Nd2 Qc5 31. Qxc5 Bxc5 32. Nf1 Re8 33. Ng3 Bh3 34. Nce4 Be3
35. Rd1 Bg4 36. d6+ Kf8 37. Rf1 Bh3 38. Rd1 Bg4 39. Rf1 Bh3 40. Rd1 Bg4 41. Rf1 1/2-1/2

[Event "Olimpiade 2014 - Open"]
[Site "Tromsø"]
[Date "03.08.2014"]
[Round "2.41"]
[Board "3"]
[White "Drasko, Milan"]
[Black "Klasan, Vladimir"]
[Result "1/2-1/2"]
[WhiteTitle "GM"]
[BlackTitle "IM"]
[WhiteElo "2437"]
[BlackElo "2365"]
[WhiteTeam "Montenegro"]
[BlackTeam "ICCD"]
[WhiteFideId "900397"]
[BlackFideId "934054"]
[EventDate "2014.08.02"]

1. Nf3 c5 2. g3 Nc6 3. Bg2 g6 4. c4 Bg7 5. O-O e6 6. Nc3 Nge7 7. d3 O-O 8. Bg5
h6 9. Bd2 d5 10. a3 dxc4 11. dxc4 e5 12. e4 Bg4 13. h3 Be6 14. Nd5 f5 15. Be3
fxe4 16. Nd2 Nd4 17. Rc1 Nxd5 18. cxd5 Bxd5 19. Rxc5 b6 20. Rxd5 Qxd5 21. Bxe4
Qe6 22. Bxa8 Rxa8 23. Qg4 Qxg4 24. hxg4 Rc8 25. Rb1 Kf7 26. Kf1 Nc2 27. Ke2 Ke6
28. Ne4 Rc4 29. f3 Bf8 30. Bf2 Nd4+ 31. Kd3 Rc7 32. Bxd4 Rd7 33. Rc1 Rxd4+ 34.
Ke3 Rd7 35. Rc6+ Kf7 36. Rf6+ Kg7 37. Re6 Rd5 38. Rc6 Rd7 39. b4 Be7 40. f4
exf4+ 41. gxf4 Kf7 42. f5 gxf5 43. gxf5 Bf8 44. Kf4 Bg7 45. f6 Bf8 46. Ke5 Kg6
47. Rc8 Kf7 48. Rc6 Kg6 49. Rc3 Rd8 50. Rg3+ Kf7 51. b5 Re8+ 52. Kf4 Rc8 53. Ke5
Re8+ 54. Kf5 Rd8 55. Ke5 Re8+ 56. Kf5 Rd8 1/2-1/2

[Event "Olimpiade 2014 - Open"]
[Site "Tromsø"]
[Date "03.08.2014"]
[Round "2.41"]
[Board "4"]
[White "Anarkulov, Alisher"]
[Black "Kosic, Dragan"]
[Result "0-1"]
[BlackTitle "GM"]
[WhiteElo "2222"]
[BlackElo "2486"]
[WhiteTeam "ICCD"]
[BlackTeam "Montenegro"]
[WhiteFideId "14201038"]
[BlackFideId "900290"]
[EventDate "2014.08.02"]

1. e4 e6 2. d3 d5 3. Nd2 Nf6 4. Ngf3 b6 5. g3 Bb7 6. e5 Nfd7 7. Bg2 c5 8. O-O
Nc6 9. Qe2 Qc7 10. Re1 Be7 11. c3 g5 12. h4 g4 13. Nh2 Qxe5 14. Nxg4 Qxe2 15.
Rxe2 h5 16. Nh2 Nde5 17. Re3 O-O-O 18. f4 Nd7 19. Ndf3 Rhg8 20. Kf2 Rg7 21. Bd2
Rdg8 22. Ng5 d4 23. Ree1 dxc3 24. bxc3 Bd6 25. Bh3 Nd8 26. Rg1 Ba6 27. d4 Bc4
28. Be3 Bd5 29. Rac1 c4 30. Nhf3 f6 31. Nd2 fxg5 32. hxg5 Rf7 33. Ke2 Nf8 34.
Rcf1 Ng6 35. Bg2 Ne7 36. Ne4 Bxe4 37. Bxe4 Nf5 38. Bf2 Kd7 39. Rh1 h4 40. Bxf5
hxg3 41. Bh7 Rgg7 42. Bxg3 Rxh7 43. g6 Rxh1 44. Rxh1 Rg7 45. Rh7 Rxh7 46. gxh7
Nf7 47. Ke3 Be7 48. Ke4 Bf6 49. f5 Ng5+ 50. Ke3 Nxh7 51. fxe6+ Kxe6 52. Bb8 a6 0-1

[Event "Olimpiade 2014 - Open"]
[Site "Tromsø"]
[Date "03.08.2014"]
[Round "2.42"]
[Board "1"]
[White "Munoz Santana, Jose Lisandro"]
[Black "Nedev, Trajko"]
[Result "0-1"]
[WhiteTitle "IM"]
[BlackTitle "GM"]
[WhiteElo "2438"]
[BlackElo "2484"]
[WhiteTeam "Dominican Republic"]
[BlackTeam "FYROM"]
[WhiteFideId "6400361"]
[BlackFideId "15000605"]
[EventDate "2014.08.02"]

1. d4 Nf6 2. c4 g6 3. g3 Bg7 4. Bg2 c5 5. Nf3 O-O 6. Nc3 cxd4 7. Nxd4 Nc6 8. O-O
Ng4 9. e3 Nge5 10. b3 Nxd4 11. exd4 Nc6 12. Be3 d6 13. Qd2 e5 14. d5 Ne7 15. c5
Nf5 16. Nb5 Nxe3 17. Qxe3 dxc5 18. Qxc5 b6 19. Qc4 a6 20. Nc7 Ra7 21. Rac1 Qd6
22. Qc6 Qxc6 23. Rxc6 Bd7 24. Rc3 e4 25. Rcc1 Be5 26. d6 f5 27. Nd5 Bxd6 28.
Nxb6 Bb5 29. Nc8 Bxf1 30. Nxa7 Bd3 31. Bf1 Rf7 32. Rc8+ Kg7 33. Nc6 Rd7 34. Nb8
Bxb8 35. Rxb8 Kf6 36. Re8 g5 37. Kg2 f4 38. gxf4 gxf4 39. Bxd3 exd3 40. Re1 d2
41. Rd1 Rd3 42. b4 Ke5 43. a4 Kd4 44. b5 axb5 45. axb5 Kc3 0-1

[Event "Olimpiade 2014 - Open"]
[Site "Tromsø"]
[Date "03.08.2014"]
[Round "2.42"]
[Board "2"]
[White "Colovic, Aleksandar"]
[Black "Puntier Andujar, William Staling"]
[Result "1-0"]
[WhiteTitle "GM"]
[BlackTitle "FM"]
[WhiteElo "2487"]
[BlackElo "2333"]
[WhiteTeam "FYROM"]
[BlackTeam "Dominican Republic"]
[WhiteFideId "15000729"]
[BlackFideId "6400299"]
[EventDate "2014.08.02"]

1. e4 c5 2. Nf3 Nc6 3. d4 cxd4 4. Nxd4 g6 5. c4 Nf6 6. Nc3 Nxd4 7. Qxd4 d6 8.
Be2 Bg7 9. Be3 O-O 10. Qd2 Be6 11. O-O Qa5 12. Rab1 Rfc8 13. b3 b5 14. b4 Qc7
15. c5 dxc5 16. bxc5 a6 17. Nd5 Nxd5 18. exd5 Rd8 19. Bf3 Rac8 20. a3 Bxd5 21.
Bxd5 e6 22. Bxe6 fxe6 23. Qa2 Qc6 24. a4 Rd5 25. axb5 axb5 26. Qe2 Rb8 27. Rfc1
Bd4 28. Bxd4 Rxd4 29. h3 Rd5 30. Rb4 e5 31. Qa2 Kg7 32. Qa7+ Qb7 33. Qa5 Qc6 34.
Qa7+ Qb7 35. Qa5 Qc6 36. Kh2 h5 37. Qa7+ Qb7 38. Qa5 Qc6 39. Qa7+ Qb7 40. Qa1
Qc6 41. f4 Kh7 42. fxe5 Rd2 43. Rg1 Ra8 44. Qf1 Raa2 45. Rf4 Qxc5 46. Rf7+ Kg8
47. Kh1 Qxe5 48. Rb7 Rf2 49. Qd3 Qe6 50. Rc1 Rf7 51. Qd8+ Rf8 52. Qd4 Rf7 53.
Rxf7 Kxf7 54. Rc7+ 1-0

[Event "Olimpiade 2014 - Open"]
[Site "Tromsø"]
[Date "03.08.2014"]
[Round "2.42"]
[Board "3"]
[White "Abreu Jean, Carlos Paul"]
[Black "Pancevski, Filip"]
[Result "0-1"]
[WhiteTitle "FM"]
[BlackTitle "IM"]
[WhiteElo "2286"]
[BlackElo "2464"]
[WhiteTeam "Dominican Republic"]
[BlackTeam "FYROM"]
[WhiteFideId "6405525"]
[BlackFideId "15002187"]
[EventDate "2014.08.02"]

1. d4 Nf6 2. Nf3 d6 3. c4 g6 4. g3 Bg7 5. Bg2 O-O 6. O-O c6 7. Nc3 Qa5 8. e4 e5
9. h3 Nbd7 10. Re1 exd4 11. Nxd4 Re8 12. Be3 Ne5 13. Bf1 c5 14. Nb3 Qb4 15. a3
Qb6 16. Nd2 Qd8 17. b4 Nc6 18. b5 Nd4 19. Bg2 Be6 20. Nb3 Rc8 21. Rc1 a6 22. a4
axb5 23. axb5 Nxb3 24. Qxb3 Qa5 25. e5 dxe5 26. Bxb7 Rb8 27. Bg2 Rec8 28. Na4
Bf8 29. Red1 Nd7 30. Kh2 Qc7 31. Nc3 Nb6 32. Nd5 Bxd5 33. Bxd5 Rd8 34. Bg2 f5
35. Rxd8 Rxd8 36. Rd1 e4 37. Bf1 Bd6 38. Rxd6 Qxd6 39. Qa3 Nd7 40. Qa5 Rc8 41.
Qc3 Ra8 42. Be2 Ra2 43. Bf1 g5 44. Qc1 f4 45. Qb1 Ra4 46. Qc2 Ra1 47. Bc1 Ne5
48. gxf4 Nf3+ 49. Kg3 gxf4+ 0-1